Social life as depicted in early brahmanical literature / (Record no. 147668)

MARC details
000 -LEADER
fixed length control field 00620nam a22001937a 4500
005 - DATE AND TIME OF LATEST TRANSACTION
control field 20171122155533.0
010 ## - LCCN (DPL NO)
LC control number ENG-121644
020 ## - INTERNATIONAL STANDARD BOOK NUMBER
International Standard Book Number 9788171021765
Terms of availability 500.00
035 ## - SYSTEM CONTROL NUMBER
System control number EN-105176
037 ## - SOURCE OF ACQUISITION
Source of stock number/acquisition DBAD/PUB
082 ## - DEWEY DECIMAL CLASSIFICATION NUMBER
Classification number 294.5921046
100 ## - MAIN ENTRY--PERSONAL NAME
Personal name Bhaduri, Chira Kisor
245 ## - TITLE STATEMENT
Title Social life as depicted in early brahmanical literature /
Statement of responsibility, etc by Chira Kisor Bhaduri
260 ## - PUBLICATION, DISTRIBUTION, ETC. (IMPRINT)
Place of publication, distribution, etc Kolkata
Name of publisher, distributor, etc Firma KLM
Date of publication, distribution, etc 2014
270 ## - ADDRESS
Address 257B. B.B. Ganguly street,
City Kolkata
Postal code 700012
300 ## - PHYSICAL DESCRIPTION
Extent vi, 202p.
Dimensions 22cm (Hb)
500 ## - GENERAL NOTE
General note Includes bibliographical references
942 ## - ADDED ENTRY ELEMENTS (KOHA)
Source of classification or shelving scheme Dewey Decimal Classification
Item type English Books
Classification part 294.5921046
Call number suffix BHA
Holdings
Withdrawn status Lost status Not for loan Collection code Home library Current library Date acquired Source of acquisition Cost, normal purchase price Full call number Barcode Copy number Cost, replacement price Koha item type
    Not For Loan Non-fiction D.B.Act.Division Bawana 22/11/2017 DBAD/PUB 500.00 294.5921046 BHA EN-105176 1 500.00 English Books

© Delhi Public Library
Hit Counter
free hit counter